01562nam a22003857a 4500003000500000005001700005008004100022010001000063011001000073020001500083035001100098040000900109082002100118110008600139245020300225246006700428260002500495300002000520490001600540500004100556590004100597590004100638590004100679590004200720650003000762650004400792650005300836830002200889901000700911911001500918942001000933949007400943999001701017952014201034CHAP20220329143540.0100513s2002 fr a r 00010 fre d a98394 a99366 a9264097120 a110052 cCHAP04a330.14122bOc1932 aOrganización para la Cooperación y el Desarrollo Económicos. París98355910aNormalisation internationale des fruits et légumes :bplunes = International standardisation of fruit and vegetables : plumsc/par Organization de Coopération et de Développement Économiques10aInternational standardisation of fruit and vegetables :bplums aParis :bOECD,c2002 a106 p. :bilus. 0aAgricultura aEd. bilingüe : (francés, ingles) aBATCH-UPDb10c20130110lUCH01h1128 aBATCH-UPDb10c20130410lUCH01h0718 aBATCH-UPDb10c20130914lUCH01h0941 aCONVERSIONb10c20130109lUCH01h135404aCiruelaxMercadeo.92341814aProductos agrícolasxMercadeo.99195114aProductos agrícolasxNormas de calidad.992001 0aAgricultura91173 aBK aen proceso cLIBRO a330.141422 Oc193bBCcLIBROd33724002208918eLIBROh112479i110052sb c98394d98394 00102ddc4052708GRALaBCbBCcPA_GRALd2019-12-31fLIBROl0o330.141422 Oc193p33724002208918r2019-12-31 00:00:00w2019-12-31yLIBRO